000 00600nam a2200181Ia 4500
008 090123s9999 xx 000 0 und d
082 _b3552
_a891.463/फुले
100 _aफुले आनंद
245 _aपिंजऱ्याचं दार उघड
250 _a1
260 _bसुनंदा प्रकाशन
_c1974
300 _a111
600 _aफुले आनंद
630 _aपिंजऱ्याचं दार उघड
700 _aफुले आनंद
730 _aपिंजऱ्याचं दार उघड
942 _cBOOK
999 _c41632
_d41632